|
|
|
|
| LEADER |
01609nam a22003974a 4500 |
| 001 |
EBC3003972 |
| 003 |
MiAaPQ |
| 005 |
20200520144314.0 |
| 006 |
m o d | |
| 007 |
cr cn||||||||| |
| 008 |
040701s2004 ne ab sb 001 0 eng |
| 010 |
|
|
|z 2004054597
|
| 020 |
|
|
|z 9004141049
|
| 035 |
|
|
|a (MiAaPQ)EBC3003972
|
| 035 |
|
|
|a (Au-PeEL)EBL3003972
|
| 035 |
|
|
|a (CaPaEBR)ebr10175376
|
| 035 |
|
|
|a (CaONFJC)MIL91554
|
| 035 |
|
|
|a (OCoLC)182530925
|
| 040 |
|
|
|a MiAaPQ
|c MiAaPQ
|d MiAaPQ
|
| 043 |
|
|
|a e-be---
|a e-gx---
|
| 050 |
|
4 |
|a HF3608.G3
|b H37 2004
|
| 082 |
0 |
4 |
|a 381/.089/3104932
|2 22
|
| 100 |
1 |
|
|a Harreld, Donald J.
|
| 245 |
1 |
0 |
|a High Germans in the Low Countries
|h [electronic resource] :
|b German merchants and commerce in golden age Antwerp /
|c by Donald J. Harreld.
|
| 260 |
|
|
|a Leiden ;
|a Boston :
|b Brill,
|c 2004.
|
| 300 |
|
|
|a x, 214 p. :
|b ill., maps.
|
| 490 |
1 |
|
|a The northern world,
|x 1569-1462 ;
|v 14
|
| 504 |
|
|
|a Includes bibliographical references (p. [197]-208) and index.
|
| 533 |
|
|
|a Electronic reproduction. Ann Arbor, MI : ProQuest, 2015. Available via World Wide Web. Access may be limited to ProQuest affiliated libraries.
|
| 650 |
|
0 |
|a Merchants
|z Germany, Southern
|x History
|y 16th century.
|
| 651 |
|
0 |
|a Antwerp (Belgium)
|x Commerce
|z Germany, Southern
|x History
|y 16th century.
|
| 651 |
|
0 |
|a Germany, Southern
|x Commerce
|z Belgium
|z Antwerp
|x History
|y 16th century.
|
| 655 |
|
4 |
|a Electronic books.
|
| 710 |
2 |
|
|a ProQuest (Firm)
|
| 830 |
|
0 |
|a Northern world ;
|v v. 14.
|
| 856 |
4 |
0 |
|u https://ebookcentral.proquest.com/lib/matrademy/detail.action?docID=3003972
|z Click to View
|